Statystyki dla Quiz Team Estriper

Kliknij tutaj aby rozwiązać quiz!

Ogólne statystyki

  • Ten quiz został rozwiązany 428 razy
  • Średni wynik to 3 z 7

Statystyki odpowiedzi

HintOdpowiedź% Poprawnych
Liga klasowa1%
86%
Zawodnicy6
57%
Wyniki z meczów0:2,0:3,0:1
29%
Ranking5 miejsce
29%
WrógAtletico Szczecin
29%
MiejsceSp35 szczecin
29%
Data powstania05.01.2024
14%

Rozkład punktacji

Percentyl według liczby udzielonych odpowiedzi

Procent ludzi z każdym wynikiem

Twoja historia wyników

Nie rozwiązałeś tego quizu